| 000 | 00733nam a2200217 a 4500 | ||
|---|---|---|---|
| 999 |
_c6180 _d6180 |
||
| 001 | 6180 | ||
| 003 | BD-JhCC | ||
| 005 | 20191204134008.0 | ||
| 008 | 180116s2010 bg |||| ||a| 000 0 ben d | ||
| 035 | _a(BD-JhCC)6180 | ||
| 040 |
_aBD-JhCC _dBD-JhCC |
||
| 041 | _aben | ||
| 082 |
_a891.4409 _bMAW 2010 |
||
| 100 | _aমাওলা, আহমেদ | ||
| 245 |
_aমুক্তিযুদ্ধের চেতনা ও বাংলাদেশের সৃজনশীল সাহিত্য / _cআহমেদ মাওলা, |
||
| 260 |
_aঢাকা : _bবিদ্যাপ্রকাশ, _c2010 |
||
| 300 |
_a133 p. : _c22 cm. |
||
| 650 | _aBengali Historical Literature | ||
| 942 |
_2ddc _cBK _02 |
||